Declaración de Santiago sobre el desarrollo de los medios de comunicación y la democracia en América Latina y el Caribe

Saved in:
Bibliografiske detaljer
Institution som forfatter: UNESCO (Author)
Format: Bog
Sprog:spansk
Udgivet: Santiago UNESCO 1994
Fag:
Tags: Tilføj Tag
Ingen Tags, Vær først til at tagge denne postø!

MARC

LEADER 00000nam a2200000 a 4500
001 UCZ9906
003 CL-VaPUC
008 960314e19940000CL |||||||||||||||||spa|d
082 0 4 |a 384  |b UNE  |2 21 
110 2 |a UNESCO  |e author  |9 354868 
245 1 0 |a Declaración de Santiago sobre el desarrollo de los medios de comunicación y la democracia en América Latina y el Caribe 
300 |a 11 p 
942 |c BK 
945 |d 19960314 00:00:00  |a mcarcey 
260 |a Santiago  |b UNESCO  |c 1994 
650 0 |a Canales de comunicación  |9 337811 
650 0 |a Medios de comunicación de masas  |9 257273 
650 0 |a Información pública   |9 257272 
650 0 |a Democracia  |9 255256 
651 0 |a América Latina   |9 255027 
651 7 |a EL ISLAS CARIBES  |2 CL-VaPUC  |9 353142 
583 |a last modification  |c 20161004 05:17:59  |k Rodrigo Vera 
999 |c 244953  |d 244951 
952 |0 0  |1 0  |4 0  |6 384_000000000000000_UNE_1994  |7 0  |8 P  |9 259247  |a BIBEDU  |b BIBEDU  |c BIBEDU_PB  |d 2019-11-19  |i 3175502  |o 384 UNE 1994  |p 3175502  |r 2024-01-25  |w 2019-11-19  |y BK  |k EPE